South Cambridgeshire District Council v the First Secretary of State, Mr Patrick McCarthy, Mrs P McCarthy, Mr Daniel O'Rourke (Record no. 74760)

MARC details
000 -LEADER
fixed length control field 02135cab a2200217 4500
001 - CONTROL NUMBER
control field ABS68665
008 - FIXED-LENGTH DATA ELEMENTS--GENERAL INFORMATION
fixed length control field 050126n2004 000 0 eng u
035 ## - SYSTEM CONTROL NUMBER
System control number (Sirsi) u128617
041 ## - LANGUAGE CODE
Language code of text/sound track or separate title eng
245 ## - TITLE STATEMENT
Title South Cambridgeshire District Council v the First Secretary of State, Mr Patrick McCarthy, Mrs P McCarthy, Mr Daniel O'Rourke
260 ## - PUBLICATION, DISTRIBUTION, ETC.
Date of publication, distribution, etc. 2004
520 ## - SUMMARY, ETC.
Summary, etc. [2004] EWHC 2933 (Admin), 15 December 2004. Highlights the need for planning inspectors to assess material considerations against development plans and policies. S applied under the Town and Country Planning Act 1990 s288 to quash the decision of an inspector appointed by First SoS granting planning permission for the stationing of two residential caravans and a shower block on a site occupied by the other three defendants (M). S also appealed under the s289 against the inspector's decision to quash their enforcement notice in respect of the use of the land. M appealed successfully against the enforcement notice and the refusal of planning permission. S appealed contending that the inspector was legally mistaken in his approach to the relevant development plan policies, took into account immaterial considerations and failed to give adequate reasons for his finding that M could be easily accommodated on the site. "Held": the planning inspector's decision to grant planning permission and quash SC's enforcement notice was flawed as he had failed to weigh the relevant material considerations against the relevant development plans and policies as required by the 1990 Act s54A; his reasons for finding that M could be accommodated easily on the site were inadequate. Appeal allowed.
590 ## - LOCAL NOTE (RLIN)
Local note ABS
650 ## - SUBJECT ADDED ENTRY--TOPICAL TERM
Topical term or geographic name entry element SOUTH CAMBRIDGESHIRE DC V FIRST SOS AND OTHERS
650 ## - SUBJECT ADDED ENTRY--TOPICAL TERM
Topical term or geographic name entry element TOWN AND COUNTRY PLANNING ACT 1990 S288
650 ## - SUBJECT ADDED ENTRY--TOPICAL TERM
Topical term or geographic name entry element TOWN AND COUNTRY PLANNING ACT 1990 S289
650 ## - SUBJECT ADDED ENTRY--TOPICAL TERM
Topical term or geographic name entry element TOWN AND COUNTRY PLANNING ACT 1990 S54(A)
690 ## - LOCAL SUBJECT ADDED ENTRY--TOPICAL TERM (OCLC, RLIN)
Topical term or geographic name as entry element ENVIRONMENTAL AND LAND CONSULTANCY-PLANNING AND DEVELOPMENT-PLANNING GUIDANCE
856 ## - ELECTRONIC LOCATION AND ACCESS
Uniform Resource Identifier <a href="https://www.bailii.org/ew/cases/EWHC/Admin/2004/2933.html">https://www.bailii.org/ew/cases/EWHC/Admin/2004/2933.html</a>
Public note View the judgment at www.bailii.org...
942 ## - ADDED ENTRY ELEMENTS (KOHA)
Suppress in OPAC 0
Holdings
Withdrawn status Lost status Source of classification or shelving scheme Damaged status Not for loan Home library Current library Shelving location Date acquired Total Checkouts Full call number Barcode Date last seen Copy number Price effective from Koha item type
    Dewey Decimal Classification     London London Journal article 26/01/2005   ABS68665 128617-1001 06/08/2019 1 06/08/2019 Law report
    Dewey Decimal Classification     Virtual Virtual Online 27/04/2005   ONLINE PUBLICATION 128617-2001 06/08/2019 1 06/08/2019 Law report